|
|
|
|
| LEADER |
00000cam a2200000 i 4500 |
| 001 |
1/39431 |
| 008 |
061215s1961 ger d |
| 035 |
|
|
|l 10086589
|
| 040 |
|
|
|a GR-MY-UA
|b gre
|e aacr
|
| 041 |
0 |
|
|a ger
|
| 082 |
0 |
|
|a 232.908
|2 (22)
|
| 100 |
1 |
|
|a Kolakowski, Leszek.
|
| 245 |
1 |
4 |
|a Der Mensch ohne Alternative :
|b von der Moglichkeit und Unmoglichkeit, Marxist zu sein /
|c Leszek Kolakowski
|
| 260 |
|
|
|a Munchen :
|b R. Piper,
|c [1961]
|
| 300 |
|
|
|a 281 σ.;
|c 21 εκ.
|
| 500 |
|
|
|a Με: Die Frage nach dem historischen Jesus / Ferdinand Hahn. - Was ist der Mensch?: die Anthropologie der Gegenwart im Lichte der Theologie / Wolfhart Pannenberg. - Mensch und Mitmensch: die Grundform der Menschlichkeit / Karl Barth
|
| 650 |
0 |
0 |
|a Dialectical materialism.
|
| 650 |
0 |
0 |
|a Communism.
|
| 852 |
|
|
|a INST
|b RHODES
|c KRI
|e 20061215
|h 232.908 HAH
|p 005400027348
|q 005400027348
|t BK
|y 0
|
| 901 |
|
|
|a BIBL4-2006-3
|
| 909 |
|
|
|a Ρ
|b 123816
|
| 970 |
|
|
|a ΚΟΖΑ
|b ΜΑΡΙΑ
|z 2006/12/15
|